000 01551nam0a2200325 4500
001 RU\NLR\BIBL_A\011626355
005 20180313112917.0
010 _a978-5-98156-774-2
_9100
021 _aRU
_bКН-П-18-001200
_9КН-П-18-0079
035 _a(NLR Aleph) 011626355
035 _a(RuMoRGB)009513557
090 _a11010144
_c11010144
100 _a20180212d2017 km y0rusy50 ca
101 0 _arus
102 _aRU
105 _aa|||z|||000zy
200 1 _aМеханизм устойчивого развития организаций на основе кластерного подхода
_e[монография]
_fС. Н. Гнатюк, А. В. Ефименко
_gМинистерство образования Республики Беларусь, Учреждение образования "Могилевский государственный университет продовольствия"
210 _aМогилев
_aСмоленск
_cМаджента
_d2017
215 _a229 с.
_cил., табл.
_d21
320 _aБиблиогр.: с. 201-221 (370 назв.)
606 1 _aПищевая промышленность
_yРоссийская Федерация
_2nlr_sh2
_3RU\NLR\AUTH\661263811
686 _aУ9(2Б)306.71-21,0
_2rubbk
686 1 _aУ30(2)67(2Р)
700 1 _aГнатюк
_bС. Н.
_gСергей Николаевич
701 1 _aЕфименко
_bА. В.
942 _cBOOK
980 _aNBR
980 _aNB